000 00515nam a2200169 i 4500
001 44385
003 ES-MaACL
005 20230906161022.0
007 t|
008 030321s1969 sp ||||1| spa d
100 1 _aCillero Ulecia, Antonio,
_d1917-2007
_938827
245 1 0 _aConfesión pública
_b: monólogo satírico en dos actos /
_cAntonio Cillero Ulecia.
260 _a[Madrid] :
_bEscelicer,
_c[1969]
300 _a61 p. ;
_c16 cm.
852 _aES-MaACL
_jC-40780
_bR.71376
999 _c44385
_d44385